| 000 | 00842nam a2200265Ia 4500 | ||
|---|---|---|---|
| 003 | OSt | ||
| 005 | 20220925223159.0 | ||
| 006 | a|||||r|||| 00| 0 | ||
| 007 | ta | ||
| 008 | 220923b |||||||| |||| 00| 0 eng d | ||
| 020 |
_a0415282535 _c5012.40 |
||
| 037 |
_b3437, 17/02/2005, Efficient _cGeneral Book |
||
| 040 |
_aRTL _cRTL _beng |
||
| 041 |
_2eng _aeng |
||
| 082 | _aU.5.P, P2 | ||
| 100 |
_aZIELONKA Jan Ed. _9288616 |
||
| 245 | 0 |
_aEurope unbound _b Enlarging and reshaping The boundaries of the Eroupean union |
|
| 260 |
_aLondon _bRoutledge _c2002 |
||
| 300 |
_axiv,270p. _ccm. |
||
| 490 | _aRoutledge Advances in European Policies | ||
| 500 | _aAppendix at the end | ||
| 650 | _aGeography | ||
| 942 |
_hU.5.P, P2 _cGB _2CC |
||
| 999 |
_c578898 _d578898 |
||